Countries and U.S. States that Share Abbreviations - Statistics

General Stats
  • This quiz has been taken 33 times
  • The average score is 29 of 44
Answer Stats
Country % Correct
Alabama
93%
Arizona
93%
California
93%
Colorado
93%
Delaware
93%
Illinois
93%
India
93%
Indiana
93%
Georgia
90%
Idaho
90%
Montana
90%
South Dakota
90%
Tennessee
90%
Arkansas
87%
South Carolina
87%
Virginia
87%
Louisiana
83%
Maine
83%
Massachusetts
83%
Minnesota
83%
Nebraska
83%
Pennsylvania
83%
Maryland
77%
Albania
70%
Azerbaijan
70%
Indonesia
53%
Panama
53%
Argentina
50%
Canada
50%
Colombia
50%
Vatican City
50%
Germany
43%
Montenegro
43%
Laos
40%
Malta
40%
Gabon
37%
Israel
33%
Moldova
33%
Sudan
33%
Mongolia
30%
Morocco
23%
Tunisia
23%
Niger
20%
Seychelles
13%
No matching quizzes found
Score Distribution
Percent of People with Each Score
Percentile by Number Answered
Your Score History
You have not taken this quiz